La protección de los derechos de los consumidores en Chile: aspectos sustantivos y procesales luego de la reforma contenida en la Ley 19.955 de 2004

Wedi'i Gadw mewn:
Manylion Llyfryddiaeth
Prif Awduron: Baraona González, Jorge (Awdur), Lagos Villarreal, Osvaldo (Awdur)
Fformat: Llyfr
Iaith:Sbaeneg
Cyhoeddwyd: Santiago Universidad de los Andes 2006
Rhifyn:1a. ed
Cyfres:Cuadernos de Extensión Jurídica, 12
Pynciau:
Mynediad Ar-lein:Disponible Online
Tagiau: Ychwanegu Tag
Dim Tagiau, Byddwch y cyntaf i dagio'r cofnod hwn!

MARC

LEADER 00000nam a2200000 a 4500
001 UCJ9643
003 CL-VaPUC
005 20250508120931.0
008 070330e20060000CL |||||||||||||||||spa|d
999 |c 325063  |d 325061 
020 |a 9567160422 
040 |c Pontificia Universidad Católica de Valparaíso 
082 0 4 |a 343.83071  |b BAR  |2 21 
100 0 |a Baraona González, Jorge  |e author  |9 519625 
245 1 3 |a La protección de los derechos de los consumidores en Chile: aspectos sustantivos y procesales luego de la reforma contenida en la Ley 19.955 de 2004 
250 |a 1a. ed 
260 |a Santiago  |b Universidad de los Andes  |c 2006 
300 |a 198 p 
490 0 |a Cuadernos de Extensión Jurídica, 12 
505 |a ÁMBITO DE APLICACIÓN DE LA LEY CHILENA DE PROTECCIÓN AL CONSUMIDOR: APLICACIÓN DE LA LEY 19.496 y LAS MODIFICACIONES DE LA LEY 19.955 / RONY JARA AMIGO LOS CONTRATOS DE ADHESIÓN: NORMAS DE EQUIDAD EN LAS ESTIPULACIONES Y EN EL CUMPLIMIENTO / JORGE WAHL SILVA LAS REFORMAS INTRODUCIDAS A LA LEY DEL CONSUMIRDOR POR LA LEY 19.955 Y ESPECIALEMENTE EL DE DESISTIMIENTO EN LOS CONTRATOS ELECTRÓNICOS / RUPERTO PINOCHET OLAVE LA RESPONSABILIDAD POR INCUMPLIMIENTO Y POR PRODUCTOS PELIGROSOS EN LA LEY DE PROTECCIÓN DE LOS DERECHOS DE LOS CONSUMIDORES / HERNÁN CORRAL TALCINI PRESTACIÓN DE SERVICIOS Y RESPONSABILIDAD CIVIL EN LA LEY SOBRE PROTECCIÓN DE LOS DERECHOS DE LOS CONSUMIDORES / MARÍA SARA RODRÍGUEZ PINTO COMPETENCIA Y PROCEDIMIENTO DE LA LEY DE PROTECCIÓN A LOS CONSUMIDORES EN LOS JUZGADOS DE POLICÍA LOCAL / SERGIO VILLALOBOS RÍOS EL PROCEDIMIENTO PARA LA DEFENSA DE INTERESES COLECTIVOS Y DIFUSOS DE CONSUMIDORES Y USUARIOS EN LA LEY 19.496 / MAITE AGUIRREZABAL GRÜNSTEIN A MARCA E A EFETIVIDADE DA PROTECAO DO CONUMIDOR NA GLOBALIZACAO / ANA LUIZA DA GAMA E SOUZA 
583 |a last modification  |c 20070330 00:00:00  |k Rodrigo Vera 
650 0 |a Protección del consumidor  |9 474424 
650 0 |a Jurisprudencia  |9 255952 
650 0 |a Aspectos jurídicos  |9 328188 
650 7 |a LEY 19.955  |2 CL-VaPUC  |9 519627 
650 0 |a Derecho comercial chileno  |9 430902 
700 0 |a Lagos Villarreal, Osvaldo  |e author  |9 519626 
856 |u https://www.uandes.cl/wp-content/uploads/2019/03/Cuaderno-de-Extensi%C3%B3n-Jur%C3%ADdica-N%C2%B0-12-La-Protecci%C3%B3n-de-los-Derechos-de-los-Consumidores-en-Chile.pdf  |y Disponible Online 
942 |c BK  |2 ddc 
945 |d 20070330 00:00:00  |a cmena 
952 |0 0  |1 0  |4 0  |6 343_830710000000000_BAR_2006  |7 0  |8 A  |9 405625  |a BIBDER  |b BIBDER  |d 2019-11-22  |i 4327071  |l 1  |m 7  |o 343.83071 BAR 2006  |p 4327071  |q 2025-12-31  |r 2020-02-26  |s 2020-02-26  |w 2019-11-22  |y BK  |k DER 
952 |0 0  |1 0  |4 0  |6 343_830710000000000_BAR_2006  |7 0  |8 A  |9 405626  |a BIBDER  |b BIBDER  |d 2019-11-22  |i 432708K  |o 343.83071 BAR 2006  |p 432708K  |r 2023-01-25  |w 2019-11-22  |y BK  |k DER